000 00426nam a22001337a 4500
008 230621b xxu||||| |||| 00| 0 eng d
020 _a0107610140
082 _a328.03
_bHMS
110 _bHer Majesty Stationery office
_cLondon
245 _aHouse of Lords Weekly Hansard
_bParliamentary Debates
_cissue No.1014
_h27th June- 30th June 1977
260 _aLondon
_bHer majesty Stationery
_c1977
300 _a1336p
942 _2ddc
_cBK
999 _c2005
_d2005